Tratados y convenciones internacionales vigentes para Guatemala. Vol. I: Pactos multilaterales interamericanos suscritos durante los años de 1949 1 1958 /
שמור ב:
| מחבר ראשי: | |
|---|---|
| מחבר תאגידי: | |
| מחברים אחרים: | |
| פורמט: | Texto |
| יצא לאור: |
Guatemala:
Ministerio de Relacioens Exteriores
|
| תגים: |
הוספת תג
אין תגיות, היה/י הראשונ/ה לתייג את הרשומה!
|
MARC
| LEADER | 00000 a a2200000 04500 | ||
|---|---|---|---|
| 001 | 23722 | ||
| 003 | |||
| 040 | |||
| 090 | |a 167100 | ||
| 100 | |a Mendoza, José Luis | ||
| 110 | |a Guatemala. Ministerio de Relaciones Exteriores | ||
| 245 | |a Tratados y convenciones internacionales vigentes para Guatemala. Vol. I: Pactos multilaterales interamericanos suscritos durante los años de 1949 1 1958 / |c José Luis Mendoza | ||
| 260 | |a Guatemala: |b Ministerio de Relacioens Exteriores | ||
| 300 | |a 591 p.; vol. 1, t. 2 | ||
| 700 | |a comp. | ||
| 999 | |c 10310 |d 10310 | ||
